000 00476nam a22001937a 4500
003 CO-ViMGA
005 20230915225022.0
008 150714b xxu||||| |||| 00| 0 eng d
020 _a9789584237996
040 _aCO-ViMGA
_bspa
_cCO-ViMGA
090 _bN ROS2
100 1 _4ROSERO EVELIO
245 1 0 _aLA CARROZA DE BOLIVAR
260 _aBOGOTA
_bTUSQUETS EDITORES
_c2014
300 _a(389) PAGINAS
650 1 4 _2NOVELA
700 1 _4NAVARES GUILLEMOT
942 _2ddc
_cBK
999 _c7934
_d7934